000 01937cam a22004092 4500
001 0000005752
005 20151217154353.0
008 070716s xx 000 0 eng d
020 _a9966703454 :
_cKES 800
040 _aKABU
_cKABU
050 0 _aKQC524
_b.A45C66
245 1 4 _aThe Constitutional law digest.
260 _aNairobi :
_bLawAfrica,
_c2005.
300 _axliii, 271 p.
650 0 _aConstitutional law
_zAfrica, East.
_@0000153408
852 1 _9p900 KES
852 1 _9p900 KES
852 1 _9p900 KES
852 1 _9p900 KES
852 1 _9p900 KES
852 1 _9p900 KES
852 1 _9p900 KES
852 1 _9p900 KES
852 1 _9p900 KES
852 1 _9p900 KES
852 1 _9p900 KES
852 1 _9p900 KES
852 1 _9p900 KES
852 1 _9p900 KES
852 1 _9p900 KES
852 1 _9p900 KES
852 1 _9p900 KES
852 1 _9p900 KES
852 1 _9p900 KES
908 _a070716
950 _@1
999 _c10838
_d10838